=LDR 00000nam 2200000 4500 =001 INLIS000000000024162 =005 20200716024458 =035 ##$$a 0010-061300000024162 =008 200716################g##########0#ind## =041 ##$$a Ind =082 ##$$a 2X6.4 =090 ##$$a 2X6.4, But p =100 ##$$a Al-Buthi, Muhammad sa'id ramadhan =245 1#$$a Perempuan : $b Antara kejaliman sistem barat dan keadilan islam /$c Muhammad Sa'id Ramadhan Al Buthi =260 ##$$a Solo :$b Intermedia,$c 2002 =300 ##$$a 240 hlm, ; $c 22 x 15 cm. =650 #4$$a Islam dan kedudukan islam =850 ##$$a NBPNMAT =084 ##$$a 2X6.4 But p =990 ##$$a 1036811 =990 ##$$a 1036812 =990 ##$$a 1036813 =990 ##$$a 1036814